| 000 | 01218nam a2200253Ia 4500 | ||
|---|---|---|---|
| 999 |
_c55834 _d55834 |
||
| 001 | 22931 | ||
| 003 | GE_BSU | ||
| 005 | 20230601180127.0 | ||
| 008 | 181216s ||||ge |||||||||||||| ||geo|| | ||
| 040 | _cGE_BSU | ||
| 041 | _ageo | ||
| 080 | _a821.353.1.09 ზ-27 | ||
| 100 |
_aზანდუკელი, მიხეილ _918405 |
||
| 245 |
_aახალი ქართული ლიტერატურა ტ. 1 / _cმიხეილ ზანდუკელი ; რედ. ს. ხუციშვილი. |
||
| 250 | _aმე-4 შევს. და შესწ. გამოცემა | ||
| 264 |
_aთბილისი : _bსამეცნიერო მეთოდური კაბინეტის გამ-ბა, _c1956. |
||
| 300 |
_a328 გვ. ; _c22 სმ. |
||
| 541 | _h1ლ.96თ | ||
| 653 | _aახალი ქართული ლიტერატურა ტ. 1 | ||
| 653 | _aქართული ლიტერატურა | ||
| 700 |
_aხუციშვილი, ს. _eრედაქტორი _913559 |
||
| 710 |
_aსაქართველოს სსრ განათლების სამინისტრო _918406 |
||
| 942 |
_cBK _2udc |
||